| 000 | 006470000a22001810004500 | ||
|---|---|---|---|
| 003 | MACL | ||
| 005 | 20160504160838.0 | ||
| 008 | 160504b xxu||||| |||| 00| 0 eng d | ||
| 040 |
_aMACL _cMACL |
||
| 041 | _aHindi | ||
| 082 | _a800 GUP | ||
| 100 |
_aगुप्ता, दुर्गा प्रसाद _955198 |
||
| 245 |
_aआधुनिकतावाद _cदुर्गा प्रसाद गुप्ता |
||
| 260 |
_bआकाशदीप पब्लिकेशंस _c1998 _aनई दिल्ली |
||
| 350 | _a150 | ||
| 650 |
_aRhetoric & Collection Of Literature _99082 |
||
| 942 |
_cHIN _k800/GUP/L _2ddc |
||
| 999 |
_c12623 _d12623 |
||